TEXT BOOK OF MEDICAL PHYSIOLOGY (Record no. 2511)

MARC details
000 -LEADER
fixed length control field 00358nam a2200145Ia 4500
008 - FIXED-LENGTH DATA ELEMENTS--GENERAL INFORMATION
fixed length control field 150201s2001 xx 000 0 und d
082 ## - DEWEY DECIMAL CLASSIFICATION NUMBER
Classification number 612
Item number M2001G
100 ## - MAIN ENTRY--PERSONAL NAME
Personal name GUYTON
245 ## - TITLE STATEMENT
Title TEXT BOOK OF MEDICAL PHYSIOLOGY
250 ## - EDITION STATEMENT
Edition statement 10TH
260 ## - PUBLICATION, DISTRIBUTION, ETC. (IMPRINT)
Name of publisher, distributor, etc. HARCOURT.ASIA PTE.LTD
Place of publication, distribution, etc. SINGAPORE
Date of publication, distribution, etc. 2001
300 ## - PHYSICAL DESCRIPTION
Extent 1-1064
650 ## - SUBJECT ADDED ENTRY--TOPICAL TERM
Topical term or geographic name as entry element PHYSIOLOGY
942 ## - ADDED ENTRY ELEMENTS (KOHA)
Source of classification or shelving scheme Dewey Decimal Classification
Koha item type Books
Koha issues (borrowed), all copies 4
Holdings
Withdrawn status Lost status Source of classification or shelving scheme Damaged status Not for loan Home library Current library Date acquired Source of acquisition Cost, normal purchase price Serial Enumeration / chronology SGTU Bill Number Total Checkouts Full call number Barcode Date last seen Bill Date Koha item type Date last checked out
    Dewey Decimal Classification     SGT Dental Library SGT Dental Library 24/04/2002 U.B.S.DELHI 895.00 1 SGTU 45   612 M2001G FD328 07/03/2018 24/01/2012 Books  
    Dewey Decimal Classification     SGT Dental Library SGT Dental Library 24/04/2002 U.B.S.DELHI 895.00 1 SGTU 45   612 M2001G FD329 16/01/2017 24/01/2012 Books  
    Dewey Decimal Classification     SGT Dental Library SGT Dental Library 24/04/2002 U.B.S.DELHI 895.00 1 SGTU 45 1 612 M2001G FD330 20/10/2023 24/01/2012 Books 20/10/2023
    Dewey Decimal Classification     SGT Dental Library SGT Dental Library 24/04/2002 U.B.S.DELHI 895.00 1 SGTU 45 1 612 M2001G FD331 10/11/2025 24/01/2012 Books 31/10/2025
    Dewey Decimal Classification     SGT Dental Library SGT Dental Library 24/04/2002 U.B.S.DELHI 895.00 1 SGTU 45 1 612 M2001G FD332 09/01/2023 24/01/2012 Books 09/01/2023
    Dewey Decimal Classification     SGT Dental Library SGT Dental Library 24/04/2002 U.B.S.DELHI 895.00 1 SGTU 45 1 612 M2001G FD333 17/07/2025 24/01/2012 Books 10/07/2025
    Dewey Decimal Classification     SGT Dental Library SGT Dental Library 24/04/2002 U.B.S.DELHI 895.00 1 SGTU 45   612 M2001G FD334 09/02/2015 24/01/2012 Books  
    Dewey Decimal Classification     SGT Dental Library SGT Dental Library 24/04/2002 U.B.S.DELHI 895.00 1 SGTU 45 4 612 M2001G FD335 08/04/2024 24/01/2012 Books 02/04/2024